|
|
|
|
| LEADER |
00939nam a2200229 a 4500 |
| 001 |
4345701 |
| 008 |
090602s1989 nyua bf 001 0 eng d |
| 010 |
|
|
|a 89033803
|
| 020 |
|
|
|a 1850917523 (UK)
|
| 020 |
|
|
|a 0893973505 (USA)
|
| 040 |
|
|
|a DLC
|c DLC
|d DLC
|
| 082 |
0 |
0 |
|a 658.3/12404
|2 20
|
| 100 |
1 |
|
|a Sheal, Peter R.
|
| 245 |
1 |
0 |
|a How to develop and present staff training courses /
|c Peter R. Sheal.
|
| 260 |
|
|
|a London :
|b Kogan Page ;
|a New York :
|b Nichols Pub.,
|c 1989.
|
| 300 |
|
|
|a 189 p. :
|b ill. ;
|c 24 cm.
|
| 504 |
|
|
|a Includes bibliographical references (p. [181]-184) and index.
|
| 541 |
1 |
|
|e 00006185
|
| 650 |
|
0 |
|a Employees
|x Training of
|v Handbooks, manuals, etc.
|
| 852 |
4 |
|
|a Ayesha Abed Library
|j General shelf
|
| 999 |
|
|
|c 1222
|d 1222
|
| 952 |
|
|
|0 0
|1 0
|2 ddc
|4 1
|6 658_312404000000000_SHE
|7 0
|9 1108
|a BRACUL
|b BRACUL
|c SPS
|d 2009-06-25
|g 0.00
|l 0
|o 658.312404 SHE
|p 3010006185
|r 2009-06-25
|t 1
|w 2009-06-25
|y BK
|x No price found in the accession register.
|